000
00302nam a2200133Ia 4500
008
230917s9999||||xx |||||||||||||| ||und||
040
_e
25465
_a
MAIN
041
_a
English
082
_a
330.9, M475E
100
_a
Meier, Baldwin
245
0
_a
Economic development
300
_a
586p p.
942
_c
OB
999
_c
231800
_d
231800